000 00483nam a2200181 a 4500
001 1948
005 20140414132037.0
008 031016s19uu xx 00 eng d
020 _a983-148-476-2
050 _aTR
_bT32 2001
245 _aThings around the house.
260 _aMalaysia :
_bKohwai & Young,
_c2001.
300 _a16 p. : ill. ; cm.
440 _aPreschool Picture Book
650 _aHouse-picture book.
650 _aHouse-Study and teaching.
999 _c113740
_d113740